02134cam a22004095a 4500999001700000001000900017005001700026008004100043010001700084015001500101020001800116035002300134040003800157042001400195082002000209100003500229245009200264246001900356246004100375250001200416260006500428300002600493504005100519505025600570520019800826650004901024650004601073651001001119653002501129655001701154856009101171856009201262942000801354952012601362952011801488952011801606 c27007d269791285400120181115140042.0020713s2002 enk frb 001 0 eng d a 2002421957 aGBA2-22126 a9780761973638 a(OCoLC)ocm49395974 aUKMbengcUKMdKLGdDLCdEG-ScBUE alccopycat04a302.23bSTE2221 aStevenson, Nick,d1961-94194210aUnderstanding media cultures :bsocial theory and mass communication /cNick Stevenson.30aMedia cultures30aSocial theory and mass communication a2nd ed. aLondon ;aThousand Oaks, Calif. :bSage Publications,c2002. avii, 255 p. ;c25 cm. aIncludes bibliographical references and index.0 aIntroductionMarxism and Mass Communication ResearchHabermas, Mass Culture and the Public SphereCritical Perspectives within Audience ResearchMarshall McLuhan and the Cultural MediumBaudrillard's BlizzardsNew Media and the Information SocietyConclusion aThe Second Edition of this bestselling text provides a comprehensive overview of the ways in which social theory has attempted to theorize the importance of the media in contemporary society.  7aCommunicationxSocial aspects.2BUEsh939162 7aMass mediaxSocial aspects.2BUEsh939331 2BUEsh bCOMAMEcNovember2018 vReading book423Publisher descriptionuhttp://www.loc.gov/catdir/enhancements/fy0658/2002421957-d.html413Table of contents onlyuhttp://www.loc.gov/catdir/enhancements/fy0658/2002421957-t.html 2ddc 00102ddc40708BaccahaMAINbMAINc1STd2018-11-15ePurchaseg620.00l0o302.23 STEp000043971r2025-07-15 00:00:00yNB 00102ddc40708BaccahaMAINbMAINc1STd2018-11-15ePurchasel0o302.23 STEp000043972r2025-07-15 00:00:00yBB 00102ddc40708BaccahaMAINbMAINc1STd2018-11-15ePurchasel0o302.23 STEp000043973r2025-07-15 00:00:00yBB